[Event "16th TCh-RUS Premier"]
[Site "Dagomys RUS"]
[Date "2009.04.04"]
[Round "1"]
[White "Alekseev,Evgeny"]
[Black "Movsesian,S"]
[Result "1/2-1/2"]
[WhiteElo "2716"]
[BlackElo "2747"]
[EventDate "2009.04.04"]

1. e4 c5 2. Nf3 e6 3. d4 cxd4 4. Nxd4 Nf6 5. Nc3 d6 6. Be2 Nc6 7. Be3 Bd7
8. f4 Be7 9. Nb3 O-O 10. O-O a6 11. a4 b6 12. Bf3 Qc7 13. g4 Bc8 14. g5 Nd7
15. Bg2 Re8 16. Qh5 Bf8 17. f5 g6 18. Qh3 Nde5 19. Rf4 Na5 20. Raf1 Nac4
21. Bc1 b5 22. axb5 Qb6+ 23. Kh1 axb5 24. Rh4 h5 25. gxh6 b4 26. Ne2 Ra7
27. Nbd4 exf5 28. exf5 Ra1 29. Nf4 Kh7 30. Nd5 Qd8 31. Qg3 Bb7 32. fxg6+
fxg6 33. Nb3 Bxd5 34. Bxd5 Ne3 35. Nxa1 Nxf1 36. Qf2 Qa5 37. Bg2 Qxa1 38.
Qxf1 b3 39. cxb3 Rc8 40. Be3 Qxf1+ 41. Bxf1 Rc2 42. Rf4 Bxh6 43. Rf2 Rc7
44. Bxh6 Kxh6 45. b4 d5 46. Rd2 Rc1 47. Kg2 Nc4 48. Bxc4 Rxc4 49. b5 Rc5
50. b6 1/2-1/2

[Event "16th TCh-RUS Premier"]
[Site "Dagomys RUS"]
[Date "2009.04.04"]
[Round "1"]
[White "Vitiugov,N"]
[Black "Tomashevsky,E"]
[Result "1/2-1/2"]
[WhiteElo "2688"]
[BlackElo "2684"]
[EventDate "2009.04.04"]

1. Nf3 Nf6 2. g3 d5 3. Bg2 c6 4. c4 dxc4 5. O-O Nbd7 6. Qc2 Nb6 7. a4 a5 8.
Na3 Qd5 9. Ne1 Qh5 10. Nxc4 Nbd5 11. e4 Nb4 12. Qc3 Bh3 13. f3 e6 14. d4
Nd7 15. Bf4 Bxg2 16. Nxg2 Be7 17. Nd6+ Bxd6 18. Bxd6 Qg5 19. Ne3 Qd8 20.
Rfe1 Nf6 21. Nc4 b6 22. Kg2 Nfd5 23. Qb3 Ne7 24. Bxb4 axb4 25. Qxb4 Rb8 26.
Nd6+ Kf8 27. Nc4 h5 28. Ne5 Kg8 29. Rec1 c5 30. dxc5 bxc5 31. Qc3 h4 32. a5
f6 33. Nd3 Ng6 34. a6 hxg3 35. hxg3 Qd6 36. a7 Ra8 37. Rd1 Rh5 38. e5 Qc7
39. Qxc5 Qb7 40. Rd2 Nxe5 41. Nxe5 Rxe5 42. Qf2 Rb5 43. Ra4 Rb3 44. g4 Rb6
45. Qc5 Rxb2 46. Rxb2 Qxb2+ 47. Kg3 Qb7 48. Ra1 Kf7 49. Qh5+ Kg8 50. Qg6
Qc7+ 51. Kg2 Qb7 52. Kg3 Qc7+ 53. Kg2 Qb7 54. Qe4 Rxa7 55. Qxe6+ Kf8 56.
Rd1 Qe7 57. Qc8+ Kf7 58. Qc4+ Qe6 1/2-1/2

[Event "16th TCh-RUS Premier"]
[Site "Dagomys RUS"]
[Date "2009.04.04"]
[Round "1"]
[White "Roiz,M"]
[Black "Efimenko,Z"]
[Result "1/2-1/2"]
[WhiteElo "2635"]
[BlackElo "2682"]
[EventDate "2009.04.04"]

1. Nf3 Nf6 2. c4 e6 3. Nc3 d5 4. d4 Nbd7 5. e3 Be7 6. b3 O-O 7. Bb2 b6 8.
cxd5 exd5 9. g3 c5 10. dxc5 Nxc5 11. Nd4 Bg4 12. f3 Bd7 13. Bg2 Re8 14. O-O
Ne6 15. Nf5 Bc5 16. b4 Bxb4 17. Nxd5 Nxd5 18. Qxd5 Rc8 19. Nxg7 Nxg7 20.
Bxg7 Kxg7 21. Qd4+ Qf6 22. Qxd7 Bc5 23. Kh1 Bxe3 1/2-1/2

[Event "16th TCh-RUS Premier"]
[Site "Dagomys RUS"]
[Date "2009.04.04"]
[Round "1"]
[White "Najer,E"]
[Black "Vorobiov,E"]
[Result "1/2-1/2"]
[WhiteElo "2669"]
[BlackElo "2596"]
[EventDate "2009.04.04"]

1. e4 c5 2. Nf3 d6 3. d4 cxd4 4. Nxd4 Nf6 5. Nc3 Nc6 6. Bg5 e6 7. Qd2 Be7
8. O-O-O a6 9. f4 Bd7 10. Nf3 b5 11. Bxf6 gxf6 12. Kb1 Qb6 13. f5 O-O-O 14.
fxe6 fxe6 15. Ne2 Kb8 16. Nf4 Bc8 17. c4 bxc4 18. Bxc4 d5 19. exd5 Na5 20.
Qe2 Nxc4 21. Qxc4 e5 22. Ne6 1/2-1/2

[Event "16th TCh-RUS Premier"]
[Site "Dagomys RUS"]
[Date "2009.04.04"]
[Round "1"]
[White "Grachev,B"]
[Black "Chadaev,N"]
[Result "1-0"]
[WhiteElo "2652"]
[BlackElo "2557"]
[EventDate "2009.04.04"]

1. d4 d5 2. c4 c6 3. Nf3 Nf6 4. e3 Bf5 5. Nc3 e6 6. Nh4 Bg6 7. Qb3 Qb6 8.
Nxg6 hxg6 9. Bd2 Nbd7 10. Be2 Be7 11. Qc2 O-O 12. O-O Rfe8 13. c5 Qc7 14.
f4 b6 15. b4 a5 16. a3 axb4 17. axb4 Reb8 18. g4 bxc5 19. bxc5 Kf8 20. Bf3
Bd8 21. h3 Qc8 22. e4 dxe4 23. Nxe4 Be7 24. Bg2 Rxa1 25. Rxa1 Ra8 26. Rb1
Nd5 27. Nd6 Bxd6 28. cxd6 N7f6 29. Rc1 Qd7 30. Qxc6 Qxc6 31. Rxc6 Ke8 32.
g5 Kd7 33. Rc5 Ne8 34. Bxd5 exd5 35. Rxd5 Kc6 36. Rc5+ Kd7 37. f5 gxf5 38.
Rxf5 Nxd6 39. Rd5 Ke6 40. Re5+ Kd7 41. Bb4 Nc8 42. Kf2 Ra6 43. Kf3 f6 44.
Rd5+ Ke8 45. h4 Rb6 46. Bc5 Re6 47. g6 Ne7 48. Bxe7 Kxe7 49. Ra5 Rd6 50. d5
f5 51. h5 Kf6 52. Kf4 Rb6 53. Ra4 Rd6 54. Ra7 1-0

[Event "16th TCh-RUS Premier"]
[Site "Dagomys RUS"]
[Date "2009.04.04"]
[Round "1"]
[White "Rychagov,A"]
[Black "Riazantsev,A"]
[Result "1/2-1/2"]
[WhiteElo "2530"]
[BlackElo "2635"]
[EventDate "2009.04.04"]

1. d4 Nf6 2. c4 e6 3. Nc3 Bb4 4. Qc2 d5 5. a3 Bxc3+ 6. Qxc3 Ne4 7. Qc2 e5
8. cxd5 Qxd5 9. e3 exd4 10. Nf3 Nd6 11. Nxd4 Bd7 12. Bd2 Nc6 13. Bc3 Nxd4
14. Bxd4 O-O 15. Qc5 Bc6 16. Qxd5 Bxd5 17. Bd3 Be4 18. Rd1 Bxd3 19. Rxd3
Rfd8 20. Ke2 Nf5 21. Rhd1 Nxd4+ 22. Rxd4 Rxd4 23. Rxd4 Kf8 24. g4 1/2-1/2

[Event "16th TCh-RUS Premier"]
[Site "Dagomys RUS"]
[Date "2009.04.04"]
[Round "1"]
[White "Nepomniachtchi,I"]
[Black "Kharitonov,Alexandr"]
[Result "1-0"]
[WhiteElo "2624"]
[BlackElo "2524"]
[EventDate "2009.04.04"]

1. e4 c6 2. d4 d5 3. exd5 cxd5 4. c4 Nf6 5. Nc3 e6 6. Nf3 Bb4 7. cxd5 Nxd5
8. Bd2 Nc6 9. Bd3 Be7 10. O-O O-O 11. a3 Bf6 12. Qc2 g6 13. Bh6 Re8 14.
Rad1 Nce7 15. Ne4 Bg7 16. Bxg7 Kxg7 17. Rfe1 Nf5 18. Nc3 Nfe7 19. Ne5 b6
20. Qd2 Bb7 21. Ne4 Rf8 22. Ng5 Nc7 23. Rc1 Ned5 24. Be4 Qd6 25. Ngxf7 Rxf7
26. Qh6+ Kg8 27. Nxf7 Kxf7 28. Rxc7+ Qxc7 29. Bxd5 Kg8 30. Bxe6+ Kh8 31. d5
Qc2 32. Qc1 Qxc1 33. Rxc1 Rd8 34. f4 Rd6 35. Rd1 Kg7 36. Kf2 Kf6 37. Ke3
Rd8 38. Kd4 Bc8 39. Re1 h5 40. g3 Re8 41. h3 Rh8 42. g4 hxg4 43. hxg4 Bxe6
44. Rxe6+ Kf7 45. Re2 Rh1 46. d6 Rd1+ 47. Ke5 a5 48. Rc2 1-0

[Event "16th TCh-RUS Premier"]
[Site "Dagomys RUS"]
[Date "2009.04.04"]
[Round "1"]
[White "Timofeev,Arty"]
[Black "Shirov,A"]
[Result "1/2-1/2"]
[WhiteElo "2677"]
[BlackElo "2745"]
[EventDate "2009.04.04"]

1. e4 e5 2. Nf3 Nc6 3. Bb5 a6 4. Ba4 Nf6 5. O-O b5 6. Bb3 Bc5 7. c3 d6 8.
a4 Rb8 9. d4 Bb6 10. a5 Ba7 11. Be3 Bg4 12. Nbd2 O-O 13. h3 Bh5 14. Qc2 Re8
15. Rfe1 exd4 16. cxd4 Nb4 17. Qc3 c5 18. Bg5 h6 19. Bxf6 Qxf6 20. e5 dxe5
21. dxc5 Bxf3 22. Qxb4 Ba8 23. Rac1 Rbc8 24. Rc3 Qg6 25. Ne4 Bxc5 26. Bxf7+
Kxf7 27. Qb3+ Ke7 28. Rg3 Qf7 29. Nxc5 Rxc5 30. Qb4 Qd5 31. Rxg7+ Kd8 32.
Qg4 Rc4 33. Qh5 Qd2 34. Re3 Rf8 35. Kh2 Qxf2 36. Qxe5 Qf4+ 37. Qxf4 Rcxf4
38. Re6 R4f7 39. Rxf7 Rxf7 40. Rxa6 Bb7 41. Rb6 Kc7 42. Rxb5 Rf2 43. Kg3
Rxg2+ 44. Kh4 Bc6 45. Rh5 Rg6 46. b4 Re6 47. Rc5 Kd6 48. a6 Re4+ 49. Kh5
Rxb4 50. Ra5 Kc7 51. a7 Ba8 52. Ra3 Rb6 53. Rg3 Rd6 54. Rg7+ Kc8 55. Rg8+
1/2-1/2

[Event "16th TCh-RUS Premier"]
[Site "Dagomys RUS"]
[Date "2009.04.04"]
[Round "1"]
[White "Volokitin,And"]
[Black "Levin,Ev"]
[Result "1-0"]
[WhiteElo "2671"]
[BlackElo "2456"]
[EventDate "2009.04.04"]

1. e4 e6 2. d4 d5 3. Nc3 dxe4 4. Nxe4 Nd7 5. Nf3 Ngf6 6. Bd3 Nxe4 7. Bxe4
Nf6 8. Bg5 Qd6 9. Bd3 Qb4+ 10. Bd2 Qxb2 11. O-O Be7 12. c4 c5 13. d5 O-O
14. Re1 Bd7 15. Bf4 Rfe8 16. d6 Bd8 17. Ne5 Qd4 18. Qd2 Nh5 19. Be4 Ba4 20.
Bxb7 Rb8 21. Bc6 Qxd2 22. Bxd2 Bxc6 23. Nxc6 Rb7 24. Be3 Rd7 25. Bxc5 Bb6
26. Ba3 Kh8 27. c5 Rc8 28. Ne5 1-0

[Event "16th TCh-RUS Premier"]
[Site "Dagomys RUS"]
[Date "2009.04.04"]
[Round "1"]
[White "Smirnov,Arte"]
[Black "Tregubov,P"]
[Result "1/2-1/2"]
[WhiteElo "2454"]
[BlackElo "2628"]
[EventDate "2009.04.04"]

1. d4 d5 2. c4 e6 3. Nc3 c6 4. e3 Bd6 5. Nf3 f5 6. Ne5 Nf6 7. Be2 O-O 8.
O-O b6 9. Qc2 Qe7 10. f4 Bb7 11. cxd5 cxd5 12. Bd2 Rc8 13. Rfc1 Nc6 14. Qd1
Qd8 15. Be1 Be7 16. Bh4 Na5 17. Bf3 Nc4 18. Nxc4 Rxc4 19. Be2 Rc6 20. Bb5
Rcc8 21. Bd3 a6 22. Bxf6 Bxf6 23. g4 fxg4 24. Qxg4 Qe7 25. Ne2 Rxc1+ 26.
Rxc1 Rc8 27. Rxc8+ Bxc8 28. Ng3 g6 29. Qe2 Qc7 30. Qc2 Qxc2 31. Bxc2 g5 32.
Nh5 Be7 33. Kf2 Bd7 34. fxg5 Bxg5 35. Nf4 h6 36. Kf3 Kf7 37. Ng6 Be8 38. h4
Bd8 39. Ne5+ Kf6 40. Kg4 Bc7 41. Nd3 h5+ 42. Kf3 Bg6 43. Nb4 Bxc2 44. Nxc2
Kf5 45. Nb4 a5 46. Nd3 Bd6 47. a4 e5 48. dxe5 Bxe5 49. b4 Bd6 50. bxa5 bxa5
51. Nc1 Bb4 52. Ne2 Be1 53. Nd4+ Kf6 54. e4 dxe4+ 55. Kxe4 Bxh4 56. Nc6 Be1
57. Kf3 Ke6 1/2-1/2

[Event "16th TCh-RUS Premier"]
[Site "Dagomys RUS"]
[Date "2009.04.04"]
[Round "1"]
[White "Ivanov,Sergey1"]
[Black "Ivanov,Al3"]
[Result "1-0"]
[WhiteElo "2551"]
[BlackElo "2413"]
[EventDate "2009.04.04"]

1. d4 Nf6 2. c4 e6 3. Nf3 d5 4. Nc3 Be7 5. Bg5 h6 6. Bh4 O-O 7. e3 b6 8.
Be2 Bb7 9. Bxf6 Bxf6 10. cxd5 exd5 11. b4 c6 12. O-O a5 13. b5 c5 14. Ne5
g6 15. Rc1 Qd6 16. f4 Rd8 17. Bf3 Ra7 18. Qd3 Ba8 19. Rfd1 c4 20. Qe2 Bg7
21. e4 dxe4 22. Bxe4 Bxe4 23. Nxe4 Qe6 24. Rxc4 Re7 25. Qd3 Qf5 26. Qf3 h5
27. Ng3 Qf6 28. d5 1-0

[Event "16th TCh-RUS Premier"]
[Site "Dagomys RUS"]
[Date "2009.04.05"]
[Round "2"]
[White "Volkov,Sergey1"]
[Black "Eljanov,P"]
[Result "1/2-1/2"]
[WhiteElo "2594"]
[BlackElo "2693"]
[EventDate "2009.04.04"]

1. d4 Nf6 2. c4 e6 3. Nc3 Bb4 4. f3 c5 5. d5 O-O 6. e4 Re8 7. Nge2 d6 8. a3
Ba5 9. Rb1 exd5 10. cxd5 c4 11. Ng3 b5 12. Be2 Nbd7 13. O-O Ne5 14. b4 Bb6+
15. Kh1 Bd7 16. a4 a6 17. Ra1 h6 18. Qd2 Rb8 19. Bb2 Nh7 20. f4 Nd3 21.
Bxd3 cxd3 22. axb5 Nf6 23. Qxd3 Ng4 24. h3 Qh4 25. Nd1 axb5 26. Ra6 Nf6 27.
Nf2 Bxf2 28. Rxf2 Nxe4 29. Nxe4 Rxe4 30. Qxe4 Qxf2 31. Qd4 Qxd4 32. Bxd4
Rc8 33. Rxd6 Rc1+ 34. Kh2 Bf5 35. g4 Be4 36. Rd8+ Kh7 37. d6 Rd1 38. Bc5
Rd2+ 39. Kg1 h5 40. Re8 Bc6 41. Rc8 Bf3 42. gxh5 Bxh5 43. Rb8 Be2 44. Kf2
Bc4+ 45. Ke3 Rd5 46. f5 Bd3 47. h4 f6 48. Rb6 Kh6 49. Rb7 Bxf5 50. Rxb5 g5
51. hxg5+ fxg5 52. Rb7 Kg6 53. Rc7 Rd3+ 54. Ke2 Rd5 55. Kf2 Bd3 56. Ke3 Bf1
57. Ra7 Bh3 58. Ra8 Bf5 59. Rg8+ Kf6 60. Rh8 Rd3+ 61. Ke2 Rd5 62. Rh6+ Ke5
63. Rh8 Kf4 64. Rf8 Ke4 65. Ra8 Kf4 66. Ra1 Bg4+ 67. Ke1 Bf3 68. Rc1 g4 69.
b5 g3 70. Rc4+ Kf5 71. Rc1 g2 72. Kf2 Be4 73. b6 Rd3 74. Re1 Rf3+ 75. Ke2
Ke6 76. Kd2 Rd3+ 77. Ke2 Kd7 78. Ra1 Kc6 79. Rc1 Kb7 80. Ra1 Kc6 81. Rc1
Kb7 82. Kf2 Rf3+ 83. Kg1 Rf1+ 84. Rxf1 gxf1=Q+ 85. Kxf1 Bc6 86. Kf2 Kc8 87.
Ke3 Kd7 1/2-1/2

[Event "16th TCh-RUS Premier"]
[Site "Dagomys RUS"]
[Date "2009.04.05"]
[Round "2"]
[White "Ivanov,Sergey1"]
[Black "Roiz,M"]
[Result "1/2-1/2"]
[WhiteElo "2551"]
[BlackElo "2635"]
[EventDate "2009.04.04"]

1. d4 Nf6 2. c4 e6 3. Nf3 b6 4. Nc3 Bb7 5. a3 d5 6. cxd5 Nxd5 7. Bd2 Nf6 8.
Bg5 Be7 9. e3 O-O 10. Be2 Nbd7 11. O-O h6 12. Bf4 Bd6 13. Bxd6 cxd6 14. Rc1
a6 1/2-1/2

[Event "16th TCh-RUS Premier"]
[Site "Dagomys RUS"]
[Date "2009.04.05"]
[Round "2"]
[White "Inarkiev,E"]
[Black "Smirnov,Arte"]
[Result "1/2-1/2"]
[WhiteElo "2676"]
[BlackElo "2454"]
[EventDate "2009.04.04"]

1. e4 e5 2. Nf3 Nc6 3. Bb5 Nf6 4. O-O Nxe4 5. d4 Nd6 6. Bxc6 dxc6 7. dxe5
Nf5 8. Qxd8+ Kxd8 9. Nc3 Ke8 10. h3 h5 11. Rd1 Be7 12. g3 Be6 13. Ng5 Rd8
14. Rxd8+ Bxd8 15. Nxe6 fxe6 16. Ne2 g5 17. Bd2 c5 18. Bc3 c4 19. Rd1 Ne7
20. Nd4 Kf7 21. Bd2 Nd5 22. c3 Be7 23. Kg2 c5 24. Nf3 Kg6 25. Bc1 b5 26.
Nd2 Kf5 27. Re1 Rb8 28. Re4 Rd8 29. f3 Nb6 30. Kf2 Rd5 31. Nf1 Kg6 32. Ne3
Rd3 33. Ke2 Nd5 34. Nxc4 Rxc3 35. bxc3 Nxc3+ 36. Kd3 Nxe4 37. fxe4 bxc4+
38. Kxc4 g4 39. hxg4 hxg4 40. Kb5 c4 41. Kxc4 a6 42. Be3 Kf7 43. Bc5 Bd8
44. Bd4 Be7 45. Bc5 Bd8 46. Kb4 Ke8 47. Bd4 Kd7 48. Kc5 Ba5 49. Bf2 Bc7 50.
Be1 Bd8 51. a4 Bc7 52. Bc3 Bd8 53. Bd2 1/2-1/2

[Event "16th TCh-RUS Premier"]
[Site "Dagomys RUS"]
[Date "2009.04.05"]
[Round "2"]
[White "Nepomniachtchi,I"]
[Black "Dreev,A"]
[Result "1/2-1/2"]
[WhiteElo "2624"]
[BlackElo "2668"]
[EventDate "2009.04.04"]

1. e4 c6 2. d4 d5 3. f3 e6 4. Nc3 Bb4 5. Nge2 dxe4 6. fxe4 e5 7. Qd3 Qh4+
8. g3 Qe7 9. Be3 Nf6 10. O-O-O Ng4 11. a3 Nxe3 12. Qxe3 exd4 13. Qxd4 Qg5+
14. Nf4 Bc5 15. Qd2 O-O 16. Kb1 Nd7 17. Bh3 Ne5 18. Bxc8 Raxc8 19. Nd3 Qxd2
20. Rxd2 Rcd8 21. Rdd1 Bd6 22. Nxe5 Bxe5 23. Ne2 Rfe8 24. Nc1 Kf8 25. Rxd8
Rxd8 26. Nd3 Bc7 27. Kc1 Rd6 28. Kd2 Rh6 29. Nf2 Ke7 30. Ke2 Be5 31. Ng4
Re6 32. Nxe5 Rxe5 33. Kf3 Re6 1/2-1/2

[Event "16th TCh-RUS Premier"]
[Site "Dagomys RUS"]
[Date "2009.04.05"]
[Round "2"]
[White "Bareev,E"]
[Black "Savchenko,B"]
[Result "1/2-1/2"]
[WhiteElo "2636"]
[BlackElo "2655"]
[EventDate "2009.04.04"]

1. d4 d5 2. c4 e6 3. Nc3 Bb4 4. e3 Nf6 5. a3 Be7 6. Nf3 b6 7. cxd5 Nxd5 8.
Bd3 Bb7 9. O-O Nxc3 10. bxc3 c5 11. e4 Nc6 12. Bb2 O-O 13. d5 exd5 14. exd5
Na5 15. c4 b5 16. Qc2 h6 17. cxb5 Qxd5 18. Rfe1 Rfe8 19. Bh7+ Kh8 20. Be4
Qd7 21. Ne5 Bxe4 22. Rxe4 Qd5 23. Rae1 Kg8 24. Qc3 Bf8 25. Qxa5 f6 26. Qc3
Rad8 27. g3 Rxe5 28. Rxe5 fxe5 29. Rxe5 Qb7 30. Qb3+ Qf7 31. Qxf7+ Kxf7 32.
a4 Rd2 33. Bc3 Ra2 34. Rf5+ Ke8 35. Rf4 g5 36. Re4+ Kd7 37. h4 Rc2 38. Be5
gxh4 39. Rxh4 c4 40. Bd4 Ra2 41. Bxa7 Rxa4 42. Be3 Rb4 43. Rd4+ Ke6 44.
Re4+ Kd7 45. Rd4+ Ke6 46. Rf4 Bd6 47. Re4+ Kd5 48. Rd4+ Ke6 49. Re4+ Kd5
50. Rd4+ Ke6 51. Bxh6 Bc5 52. Rf4 Bd6 53. Rh4 Rb1+ 54. Kg2 c3 55. Be3 Rxb5
56. Re4+ Kd5 57. Rd4+ Ke6 58. Kf3 Be5 59. Rd8 Rb4 60. Ke2 Rg4 61. Re8+ Kd5
62. f4 Bc7 63. Kf3 Rg6 64. g4 c2 65. g5 Ra6 66. Bd2 Ra3+ 67. Re3 Ba5 68.
Rxa3 Bxd2 1/2-1/2

[Event "16th TCh-RUS Premier"]
[Site "Dagomys RUS"]
[Date "2009.04.05"]
[Round "2"]
[White "Svidler,P"]
[Black "Belov,Vl"]
[Result "1/2-1/2"]
[WhiteElo "2726"]
[BlackElo "2623"]
[EventDate "2009.04.04"]

1. e4 c6 2. d4 d5 3. e5 Bf5 4. Nf3 e6 5. Be2 c5 6. Be3 cxd4 7. Nxd4 Ne7 8.
c4 Nbc6 9. Qa4 a6 10. Nc3 dxc4 11. O-O-O Qc8 12. Nxf5 Nxf5 13. Bb6 Bb4 14.
Bf3 Nfe7 15. Bxc6+ Nxc6 16. Ne4 O-O 17. f4 Be7 18. Nd6 Bxd6 19. exd6 Qd7
20. Qxc4 Na7 21. Kb1 Rfc8 22. Qc7 Rd8 23. Qc2 Rdc8 24. Qc7 Rd8 25. Bxa7
Rxa7 26. Rc1 Raa8 27. Rhd1 f6 28. a3 Rac8 29. Qxd7 Rxc1+ 30. Rxc1 Rxd7 31.
Rc8+ Kf7 32. Rc7 Ke8 33. Rc8+ Kf7 34. Rc7 Ke8 1/2-1/2

[Event "16th TCh-RUS Premier"]
[Site "Dagomys RUS"]
[Date "2009.04.05"]
[Round "2"]
[White "Vorobiov,E"]
[Black "Movsesian,S"]
[Result "1/2-1/2"]
[WhiteElo "2596"]
[BlackElo "2747"]
[EventDate "2009.04.04"]

1. e4 c5 2. Nf3 d6 3. d4 cxd4 4. Nxd4 Nf6 5. Nc3 e6 6. Be3 Nc6 7. f4 Bd7 8.
Qf3 Nxd4 9. Bxd4 Qa5 10. Bd3 Qb4 11. Bxf6 gxf6 12. O-O-O 1/2-1/2

[Event "16th TCh-RUS Premier"]
[Site "Dagomys RUS"]
[Date "2009.04.05"]
[Round "2"]
[White "Efimenko,Z"]
[Black "Rychagov,A"]
[Result "1/2-1/2"]
[WhiteElo "2682"]
[BlackElo "2530"]
[EventDate "2009.04.04"]

1. e4 e6 2. d4 d5 3. Nc3 Nf6 4. e5 Nfd7 5. f4 c5 6. Nf3 Nc6 7. Be3 cxd4 8.
Nxd4 Bc5 9. Qd2 O-O 10. O-O-O a6 11. Kb1 Nxd4 12. Bxd4 b5 13. Qe3 Qb6 14.
Bxc5 Nxc5 15. Bd3 Na4 16. Qxb6 Nxb6 17. Rhe1 b4 18. Ne2 a5 19. Nd4 Ba6 20.
f5 Rfe8 21. Bxa6 Rxa6 22. Nb5 Rc8 23. b3 Nd7 24. Re3 Rb6 25. c4 bxc3 26.
Nxc3 Nc5 27. Rd4 Rb4 28. Ne2 Ne4 29. Rxb4 axb4 30. Rd3 Kf8 31. Rd4 Rb8 32.
Nf4 Nc5 33. g4 Ke7 34. Kb2 g5 35. f6+ Kd7 36. Nd3 Nxd3+ 37. Rxd3 Kc6 38.
Rh3 d4 39. Rxh7 Kd5 40. Rxf7 Kxe5 41. Kc2 Rh8 42. Kd3 Rh3+ 43. Kc4 Rxh2 44.
Rd7 Kxf6 45. Rxd4 Ke5 46. Kc5 Rxa2 47. Rxb4 Rb2 48. Kc6 Rb1 49. Kc5 Rb2 50.
Kc6 1/2-1/2

[Event "16th TCh-RUS Premier"]
[Site "Dagomys RUS"]
[Date "2009.04.05"]
[Round "2"]
[White "Kharitonov,Alexandr"]
[Black "Turov,M"]
[Result "1/2-1/2"]
[WhiteElo "2524"]
[BlackElo "2582"]
[EventDate "2009.04.04"]

1. d4 Nf6 2. c4 e6 3. Nc3 Bb4 4. e3 Ne4 5. Qc2 f5 6. Bd3 O-O 7. Nge2 b6 8.
O-O Bxc3 9. bxc3 Nc6 10. Ba3 Rf7 11. c5 bxc5 12. f3 Nf6 13. Bxc5 Nd5 14.
Qd2 d6 15. Ba3 Qg5 16. Bc1 Nb6 17. Qc2 e5 18. Bd2 Qf6 19. a4 1/2-1/2

[Event "16th TCh-RUS Premier"]
[Site "Dagomys RUS"]
[Date "2009.04.06"]
[Round "3"]
[White "Andreikin,D"]
[Black "Kharitonov,Alexandr"]
[Result "1/2-1/2"]
[WhiteElo "2625"]
[BlackElo "2524"]
[EventDate "2009.04.04"]

1. e4 c6 2. d4 d5 3. exd5 cxd5 4. c4 Nf6 5. Nc3 e6 6. Nf3 Bb4 7. cxd5 Nxd5
8. Qc2 Nc6 9. Bc4 Nb6 10. Bb5 O-O 11. Be3 Nd5 12. O-O Nxe3 13. fxe3 Bd7 14.
a3 Bxc3 15. Qxc3 Rc8 16. Be2 Ne5 17. Qb3 Nxf3+ 18. Bxf3 b6 19. Rac1 1/2-1/2

[Event "16th TCh-RUS Premier"]
[Site "Dagomys RUS"]
[Date "2009.04.06"]
[Round "3"]
[White "Movsesian,S"]
[Black "Shirov,A"]
[Result "1/2-1/2"]
[WhiteElo "2747"]
[BlackElo "2745"]
[EventDate "2009.04.04"]

1. e4 c5 2. Nf3 d6 3. d4 cxd4 4. Nxd4 Nf6 5. Nc3 a6 6. Be2 e5 7. Nb3 Be7 8.
O-O O-O 9. Re1 Be6 10. Bf3 Nbd7 11. a4 Nb6 12. Nd2 Rc8 13. Nf1 d5 14. exd5
Nbxd5 15. Nxd5 Nxd5 16. c3 Qd6 17. Qe2 f6 18. Rd1 Qc5 19. Be3 Nxe3 20. Nxe3
Rb8 21. Bd5 Bxd5 22. Rxd5 Qc6 23. Qg4 f5 24. Qc4 Qxc4 25. Nxc4 e4 26. Rd7
Kf7 27. Rad1 Ke6 28. Kf1 Rfd8 29. Rxd8 Rxd8 30. Rxd8 Bxd8 31. Ke2 h5 32. f3
exf3+ 33. gxf3 g5 34. h3 Bc7 35. Ne3 Bf4 36. Ng2 Bc1 37. b3 Bb2 38. Kd2 Ke5
39. b4 g4 40. fxg4 fxg4 41. hxg4 hxg4 42. Kd3 g3 43. Kc2 Ba1 44. a5 Ke4 45.
Nh4 Kf4 1/2-1/2

[Event "16th TCh-RUS Premier"]
[Site "Dagomys RUS"]
[Date "2009.04.06"]
[Round "3"]
[White "Ionov,S"]
[Black "Najer,E"]
[Result "1/2-1/2"]
[WhiteElo "2538"]
[BlackElo "2669"]
[EventDate "2009.04.04"]

1. Nf3 c5 2. c4 Nf6 3. d4 cxd4 4. Nxd4 e5 5. Nb5 d5 6. cxd5 Bc5 7. N5c3 O-O
8. g3 Ng4 9. e3 f5 10. Be2 Nf6 11. O-O Nbd7 12. Nd2 Nb6 13. Nc4 Nxc4 14.
Bxc4 a6 15. a4 Kh8 16. b3 Bd7 17. Ba3 Bxa3 18. Rxa3 Qa5 19. Qa1 f4 20. exf4
exf4 21. Ra2 f3 22. Qb2 Rae8 23. Raa1 Qc5 24. Rfe1 b5 25. axb5 axb5 26. Bf1
Nxd5 27. Nxd5 Qxd5 28. b4 1/2-1/2

[Event "16th TCh-RUS Premier"]
[Site "Dagomys RUS"]
[Date "2009.04.06"]
[Round "3"]
[White "Lanin,A"]
[Black "Grachev,B"]
[Result "0-1"]
[WhiteElo "2457"]
[BlackElo "2652"]
[EventDate "2009.04.04"]

1. e4 c5 2. Nf3 d6 3. d4 cxd4 4. Nxd4 Nf6 5. Nc3 Nc6 6. Bg5 a6 7. Qd2 e6 8.
O-O-O Be7 9. Bxf6 gxf6 10. f4 Nxd4 11. Qxd4 b5 12. e5 d5 13. f5 O-O 14.
Qg4+ Kh8 15. Qh5 fxe5 16. h4 f6 17. fxe6 Bxe6 18. Bd3 f5 19. Rhe1 Qd6 20.
g4 e4 0-1

[Event "16th TCh-RUS Premier"]
[Site "Dagomys RUS"]
[Date "2009.04.06"]
[Round "3"]
[White "Riazantsev,A"]
[Black "Lovkov,R"]
[Result "1-0"]
[WhiteElo "2635"]
[BlackElo "2436"]
[EventDate "2009.04.04"]

1. d4 d5 2. c4 c6 3. Nf3 Nf6 4. Nc3 dxc4 5. a4 Bf5 6. e3 e6 7. Bxc4 Nbd7 8.
O-O Bb4 9. Qb3 Qb6 10. e4 Bg6 11. Bxe6 fxe6 12. a5 Bxa5 13. Qxe6+ Kd8 14.
e5 Ne8 15. Bg5+ Kc8 16. Na4 Qc7 17. d5 Bb4 18. Rfd1 Be4 19. d6 Qa5 20. Nc3
1-0

[Event "16th TCh-RUS Premier"]
[Site "Dagomys RUS"]
[Date "2009.04.06"]
[Round "3"]
[White "Savchenko,B"]
[Black "Serov,M"]
[Result "1-0"]
[WhiteElo "2655"]
[BlackElo "2340"]
[EventDate "2009.04.04"]

1. d4 Nf6 2. c4 d6 3. Nc3 Nbd7 4. e4 e5 5. Nge2 h5 6. h3 h4 7. Be3 Be7 8.
Qc2 c6 9. O-O-O Nh5 10. Qd2 Nf8 11. Kb1 Nh7 12. g4 hxg3 13. fxg3 g6 14. Ka1
Bd7 15. Bg2 Bg5 16. Bf3 Qe7 17. g4 Ng7 18. h4 Bxe3 19. Qxe3 Nf6 20. h5 Nxg4
21. Bxg4 Bxg4 22. dxe5 dxe5 23. hxg6 Rxh1 24. Rxh1 O-O-O 25. Nc1 fxg6 26.
Qxa7 Ne6 27. Nb3 Nd4 28. Nc5 Qc7 29. Rh7 Qb8 30. Qb6 Ne2 31. Na6 1-0

[Event "16th TCh-RUS Premier"]
[Site "Dagomys RUS"]
[Date "2009.04.06"]
[Round "3"]
[White "Timofeev,Arty"]
[Black "Volokitin,And"]
[Result "1/2-1/2"]
[WhiteElo "2677"]
[BlackElo "2671"]
[EventDate "2009.04.04"]

1. c4 c5 2. g3 Nc6 3. Bg2 g6 4. e3 Bg7 5. Ne2 Nh6 6. Nbc3 Nf5 7. a3 a5 8.
O-O O-O 9. b3 d6 10. Bb2 Bd7 11. Qc2 Rb8 12. Rfd1 Ncd4 13. exd4 cxd4 14.
Na4 Bxa4 15. bxa4 d3 16. Qxd3 Bxb2 17. Rab1 Bf6 18. Bxb7 Qd7 19. Be4 Qxa4
20. Bxf5 gxf5 21. Nf4 Be5 22. Qxf5 Qxc4 23. Qg5+ Kh8 24. Qxe7 Bxf4 25. Qf6+
Kg8 26. Qxf4 Qxf4 27. gxf4 Rfc8 28. Kg2 Rxb1 29. Rxb1 Rc2 30. Rb5 Rxd2 31.
Rxa5 Rd3 32. a4 d5 33. f5 Kg7 34. Ra6 Ra3 35. h4 h5 36. f3 d4 37. Kg3 d3
38. Kf4 d2 39. Rd6 f6 40. Rd7+ Kf8 41. Rxd2 Rxa4+ 42. Kg3 1/2-1/2

[Event "16th TCh-RUS Premier"]
[Site "Dagomys RUS"]
[Date "2009.04.06"]
[Round "3"]
[White "Tregubov,P"]
[Black "Inarkiev,E"]
[Result "1/2-1/2"]
[WhiteElo "2628"]
[BlackElo "2676"]
[EventDate "2009.04.04"]

1. d4 d5 2. c4 c6 3. Nf3 Nf6 4. e3 Bg4 5. h3 Bh5 6. Nc3 e6 7. g4 Bg6 8. Ne5
Nbd7 9. h4 dxc4 10. Nxg6 hxg6 11. g5 Nd5 12. Bxc4 Bb4 13. Bd2 Qe7 14. a3
Ba5 15. Qc2 Nxc3 16. Bxc3 Bxc3+ 17. Qxc3 Nb6 18. Bb3 Qxg5 19. hxg5 Rxh1+
20. Ke2 Rxa1 21. d5 cxd5 22. Qxg7 Rh1 23. Ba4+ Ke7 24. Bc2 Ke8 25. Qg8+
1/2-1/2

[Event "16th TCh-RUS Premier"]
[Site "Dagomys RUS"]
[Date "2009.04.06"]
[Round "3"]
[White "Tiviakov,S"]
[Black "Volkov,Sergey1"]
[Result "1/2-1/2"]
[WhiteElo "2697"]
[BlackElo "2594"]
[EventDate "2009.04.04"]

1. e4 e6 2. d4 d5 3. Nd2 Nf6 4. e5 Nfd7 5. c3 c5 6. Bd3 Nc6 7. Ne2 cxd4 8.
cxd4 f6 9. exf6 Nxf6 10. O-O Bd6 11. Nf3 O-O 12. Bf4 Bxf4 13. Nxf4 Ne4 14.
Qc1 Ng5 15. Nxg5 Qxg5 16. Ne2 Qf6 17. Qc2 h6 18. Qd2 Bd7 19. Rac1 Be8 20.
Bb5 Ne7 21. Bxe8 Raxe8 22. Rc7 Rb8 23. Ng3 Rf7 24. Rfc1 Nc6 25. Rxf7 Qxf7
26. Qe3 1/2-1/2

[Event "16th TCh-RUS Premier"]
[Site "Dagomys RUS"]
[Date "2009.04.06"]
[Round "3"]
[White "Amonatov,F"]
[Black "Ivanov,Sergey1"]
[Result "1-0"]
[WhiteElo "2648"]
[BlackElo "2551"]
[EventDate "2009.04.04"]

1. e4 e6 2. d4 d5 3. Nc3 Bb4 4. Nge2 dxe4 5. a3 Bxc3+ 6. Nxc3 Nc6 7. Bb5
Nge7 8. Bg5 f6 9. Be3 O-O 10. Nxe4 f5 11. Ng5 f4 12. Bd2 Nxd4 13. Bd3 h6
14. Nf3 Nec6 15. Nxd4 Nxd4 16. Qh5 Qf6 17. O-O-O Bd7 18. Rhe1 Be8 19. Qc5
b6 20. Qxc7 Bh5 21. f3 Nb3+ 22. Kb1 Nxd2+ 23. Rxd2 Bg6 24. Rxe6 Qf7 25. Re7
Qf6 26. Bxg6 Rfc8 27. Qd6 1-0